000
003210000a22001330004500
041
0
_a
SPA
082
0
4
_a
G 863 C6972d
100
1
_a
Collazos, Oscar (1942-)
245
1
0
_a
Los días de la paciencia / Oscar Collazos
260
_a
Bogotá, Colombia : Círculo de Lectores
300
_a
193 Pag
001
11074
942
_c
BK
999
_c
40445
_d
40445